000 00243nmm a2200085Ia 4500
008 220120s9999||||xx |||||||||||||||||und||
100 _aDigit
245 0 _aentertainment mac software, applications movies
260 _aNine dot nine interactive ltd.
999 _c139747
_d139747